000 00783cam a2200253 a 4500
001 13074746
003 OSt
005 20160307133509.0
008 030130s2004 nyua b 001 0 eng
010 _a 2003040083
020 _a0536122830
040 _aSEKU
050 0 0 _aPN 98
_b.M3 2006
100 1 _aMadden, Frank,
_d1946-
245 1 0 _aExploring literature :
_bwriting and thinking about fiction, poetry, drama, and the essay /
_cFrank Madden.
250 _a2nd ed.
260 _aNew York :
_bPearson/Longman,
_c2006.
300 _a1379 p. :
_bill.
504 _aIncludes bibliographical references and indexes.
650 0 _aReader-response criticism.
650 0 _aBooks and reading.
650 0 _aLiterature
_xHistory and criticism
_xTheory, etc.
942 _2lcc
_cGEN
999 _c11871
_d11871